| 000 | 00359nam a22001577a 4500 | ||
|---|---|---|---|
| 003 | OSt | ||
| 005 | 20260227173636.0 | ||
| 008 | 260227b |||||||| |||| 00| 0 eng d | ||
| 040 | _cFLL | ||
| 041 |
_aENG _dENG |
||
| 100 |
_aSIGNH,M.P _91116854 |
||
| 245 | _aINDIAN LEGAL AND CONSTITUTIONAL HISTORY | ||
| 250 | _a9th | ||
| 300 | _a343 | ||
| 942 |
_2CC _cTB _n0 |
||
| 999 |
_c1680335 _d1680335 |
||